000 00398 a2200145 4500
005 20250524095024.0
020 _a978-1-5381-5254-6
082 _a658.4
100 _aSAFFADY, W.
245 _aRecords and Information Management: Fundamentals of Professional Practice
250 _a4th Ed.
260 _aLondon,
_bRowman& Littlefield,
_c2021.
300 _axi,203p.;
_bill.;
_c24cm.
942 _2ddc
_cBKS
999 _c2614
_d2614